SEER extent of disease 1988 : codes and coding instructions /

Bibliographic Details
Corporate Author: National Cancer Institute (U.S.). Cancer Statistics Branch
Format: Government Document Book
Language:English
Published: [Bethesda, Md.] : The Branch, 1998-
Edition:3rd ed.
Series:NIH publication ; no. 98-1999.
Subjects:

MARC

Tag First Indicator Second Indicator Subfields
LEADER 00000cam a2200000 a 4500
001 in00000001069
005 20151003070010.0
008 980923m19989999mdu f001 0 eng d
035 |a (OCoLC)39918434 
035 |9 AHS7618AM 
040 |a GPO  |c GPO  |d DLC  |d MvI  |d UtOrBLW 
043 |a n-us--- 
049 |a UDOC 
074 |a 0507-G-06 
086 0 |a HE 20.3158:SU 7/3 
110 2 |a National Cancer Institute (U.S.).  |b Cancer Statistics Branch. 
245 1 0 |a SEER extent of disease 1988 :  |b codes and coding instructions /  |c prepared by Cancer Statistics Branch, Surveillance Program, Division of Cancer Control and Population Sciences National Cancer Institute, U.S. Department of Health and Human Services, Public Service, National Institutes of Health. 
250 |a 3rd ed. 
264 1 |a [Bethesda, Md.] :  |b The Branch,  |c 1998- 
300 |a 1 volume (loose-leaf) ;  |c 28 cm. 
336 |a text  |b txt  |2 rdacontent 
337 |a unmediated  |b n  |2 rdamedia 
338 |a volume  |b nc  |2 rdacarrier 
490 1 |a NIH publication ;  |v no. 98-1999 
500 |a Shipping list number: 98-0341-P. 
500 |a January 1998. 
500 |a Includes index. 
650 0 |a Cancer  |z United States  |x Reporting. 
650 0 |a Tumors  |z United States  |x Reporting. 
830 0 |a NIH publication ;  |v no. 98-1999. 
999 |a MARS 
999 f f |s 6e999e4a-2fbf-3fcb-b86d-7ba373f74abc  |i 76496a34-10b6-3dee-a5a2-c5d0d2385f5c  |t 0 
952 f f |p normal  |a Texas A&M University  |b College Station  |c Sterling C. Evans Library  |d Evans: US Documents (Annex 5th floor)  |t 0  |e HE 20.3158:SU 7/3  |h Superintendent of Documents classification  |i unmediated -- volume  |m A14822782510 
998 f f |a HE 20.3158:SU 7/3  |t 0  |l Evans: US Documents (Annex 5th floor)